Research Methodology (Record no. 330900)

MARC details
000 -LEADER
fixed length control field 00450nam a2200169Ia 4500
008 - FIXED-LENGTH DATA ELEMENTS--GENERAL INFORMATION
fixed length control field 230718s9999 xx 000 0 und d
041 ## - LANGUAGE CODE
Language code of text/sound track or separate title eng
082 ## - DEWEY DECIMAL CLASSIFICATION NUMBER
Classification number 301.072
Item number KUM
100 ## - MAIN ENTRY--PERSONAL NAME
Personal name Kumar R.
245 ## - TITLE STATEMENT
Title Research Methodology
Remainder of title A Step-By Step Guide For Beginners
250 ## - EDITION STATEMENT
Edition statement 2nd ed.
260 ## - PUBLICATION, DISTRIBUTION, ETC. (IMPRINT)
Name of publisher, distributor, etc. Pearson Education
300 ## - PHYSICAL DESCRIPTION
Extent 332
365 ## - TRADE PRICE
Currency code Rs.
Price amount 375.00
700 ## - ADDED ENTRY--PERSONAL NAME
Personal name Kumar R.
906 ## - LOCAL DATA ELEMENT F, LDF (RLIN)
d O:0290630-Jun-2012B:53226-Jun-2012
c INST
b 300
Holdings
Withdrawn status Lost status Damaged status Not for loan Home library Current library Date acquired Vendor Budget Code Cost, normal purchase price Bill number Total Checkouts Full call number Barcode Date last seen Date last checked out Discount Cost, replacement price Bill Date Koha item type Original Barcode
        Cummins College of Engineering for Women Pune Cummins College of Engineering for Women Pune 30/06/2012 Technical Book Services INST 300.00 532 1 301.072 CCEP-BK-42107 02/01/2024 29/11/2023 300 375.00 26/06/2012 Books 042107